Представление документа в формате MARC21

ПолеНазваниеЗначение
  Тип записи a
  Библиографический уровень m
001 Контрольный номер RU\infra-m\znanium\bibl\2236508
005 Дата корректировки 20260429142123.2
008 Кодируемые данные 260330s2025 RU g rus u
020 Индекс ISBN __
a ISBN 978-5-9614-8238-6
040 Источник каталогиз. __
a Служба первич. каталог. Общество с ограниченной ответственностью «ЗНАНИУМ»
041 Код языка издания __
a Код языка текста rus
044 Код страны публикации __
a Код страны публикации RU
080 Индекс УДК __
a Индекс УДК 15
080 Индекс УДК __
a Индекс УДК 30
080 Индекс УДК __
a Индекс УДК 94
084 Индекс другой классификации/Индекс ББК __
2 Источник индекса rubbk
a Индекс другой классификации/Индекс ББК 633
084 Индекс другой классификации/Индекс ББК __
2 Источник индекса rubbk
a Индекс другой классификации/Индекс ББК 883
084 Индекс другой классификации/Индекс ББК __
2 Источник индекса okso
a Индекс другой классификации/Индекс ББК 37.03.01
100 Автор __
a Автор Литвинова Т.
q Полное имя Литвинова Татьяна
245 Заглавие __
a Заглавие Сталин жил в нашей квартире: Как травмы наших предков мешают нам жить и что с этим делать
b Продолж. заглавия Практическое пособие
250 Сведения об издании __
a Основные сведения об издании 1
260 Выходные данные __
a Место издания Москва
b Издательство ООО "Альпина Паблишер"
c Дата издания 2026
300 Физическое описание __
a Объем 256 с.
520 Аннотация __
a Аннотация Войны геноцид голод репрессии и другие социальные катастрофы оставляют мощную психическую травму. Ее носителями оказываются не только участники событий но и их потомки. Каким образом травма передается из поколения в поколение? Что нам делать с мучительной страшной или стыдно й семейной историей? Как перестать быть ее заложниками расколдовать чары прошлого? Психолог с 19-летним стажем Татьяна Литвинова исследует межпоколенческую (трансгенерационную) передачу травмы на примере собственной семьи пострадавшей от сталинских репрессий и многих других семей с их реальными историями. Особое внимание она уделяет событиям которые замалчиваются поколениями семейным тайнам и «скелетам в шкафу». Автор уверена что в любой семейной истории почти всегда есть и травма и ресурс. Осознав источник травмы мы сможем лучше понять себя и научимся эффективно использовать доставшуюся нам по наследству силу.
521 Примеч. о цел. назн. __
a Примеч. о целев. назн. Дополнительное образование
650 Тематические рубрики __
a Основная рубрика Психология
x Основная подрубрика Практическая психология. Психотерапия
655 Указ. предметных рубрик (устаревшее) __
a Жанр/ форма (устаревшее) Практическое пособие
856 Электронный адрес документа 4_
a Имя сервера/домена znanium.ru
m Помощь ebs_support@infra-m.ru
n Местонахождение сервера НИЦ ИНФРА-М
u URL https://znanium.ru/catalog/document?id=474445
856 Электронный адрес документа 48
a Имя сервера/домена znanium.ru
d Путь /cover/2236
f Электронное имя 2236508.jpg
q Тип электронного формата image/jpeg
u URL https://znanium.ru/cover/2236/2236508.jpg
911 __
u 0030=https://znanium.ru/catalog/document?id=474445